Niemieccy skoczkowie w sezonie 2019-2020 - Statystyki

Ogólne statystyki
  • Ten quiz został rozwiązany 174 razy
  • Średni wynik to 6 z 14
Statystyki odpowiedzi
Lp. Odpowiedź % Poprawnych
1. Karl Geiger
89%
2. Markus Eisenbichler
79%
4. Richard Freitag
72%
5. Constantin Schmid
68%
8. Severin Freund
66%
3. Stephan Leyhe
66%
6. Pius Paschke
57%
9. Martin Hamann
29%
12. Luca Roth
20%
11. Philipp Raimund
19%
7. Moritz Baer
15%
10. Felix Hoffmann
14%
13. Tim Fuchs
5%
14. Fabian Seidl
1%
Nie znaleziono quizów pasujących do podanych kryteriów
Rozkład punktacji
Procent ludzi z każdym wynikiem
Percentyl według liczby udzielonych odpowiedzi
Twoja historia wyników
Nie rozwiązałeś tego quizu